Modernist Islam, 1840 - 1940: a sourcebook
| Contributors: | |
|---|---|
| Format: | Print Book |
| Language: | English |
| Subito Delivery Service: | Order now. |
| Check availability: | HBZ Gateway |
| WorldCat: | WorldCat |
| Interlibrary Loan: | Interlibrary Loan for the Fachinformationsdienste (Specialized Information Services in Germany) |
| Published: |
Oxford [u.a.]
Oxford University Press
2002
|
| In: | Year: 2002 |
| Standardized Subjects / Keyword chains: | B
Anthology
/ Islam
/ Spring
/ History 1840-1940
B Modernism B Modernization / The Modern / Reformer / History 1840-1940 |
| Further subjects: | B
Islamic renewal
History 19th century
B Islamic renewal History 20th century B Modernization B Islam B History 1840-1940 B Islamic countries Intellectual life 19th century B Anthology B Islamic countries Intellectual life 20th century B Spring |
| Online Access: |
Contributor biographical information Publisher description |
MARC
| LEADER | 00000cam a2200000 c 4500 | ||
|---|---|---|---|
| 001 | 346512980 | ||
| 003 | DE-627 | ||
| 005 | 20251223200805.0 | ||
| 007 | tu | ||
| 008 | 020429s2002 xxk||||| 00| ||eng c | ||
| 016 | 7 | |a 0195154673 |2 UK | |
| 016 | 7 | |a 01951546. |2 DE-101 | |
| 020 | |a 0195154673 |c alk. paper |9 0-19-515467-3 | ||
| 020 | |a 0195154681 |c pbk. : alk. paper |9 0-19-515468-1 | ||
| 020 | |a 9780195154689 |c : pbk. : alk. paper |9 978-0-19-515468-9 | ||
| 024 | 8 | |a 12002-22046 |q Identnummer | |
| 035 | |a (DE-627)346512980 | ||
| 035 | |a (DE-576)100918697 | ||
| 035 | |a (DE-599)GBV346512980 | ||
| 035 | |a (OCoLC)845485888 | ||
| 035 | |a (OCoLC)314159171 | ||
| 035 | |a (DE-604)BV014380717 | ||
| 040 | |a DE-627 |b ger |c DE-627 |e rda | ||
| 041 | |a eng | ||
| 044 | |c XA-GB |c XD-US |c XE-NZ | ||
| 050 | 0 | |a BP60 | |
| 082 | 0 | |a 297.0904 | |
| 084 | |a 6,23 |2 ssgn | ||
| 084 | |a 0 |2 ssgn | ||
| 084 | |a BE 8610 |2 rvk |0 (DE-625)rvk/10776: | ||
| 084 | |a BE 8621 |2 rvk |0 (DE-625)rvk/10787: | ||
| 084 | |a BE 8624 |2 rvk |0 (DE-625)rvk/10790: | ||
| 084 | |a 11.84 |2 bkl | ||
| 084 | |a 15.21 |2 bkl | ||
| 084 | |a 15.76 |2 bkl | ||
| 245 | 0 | 0 | |a Modernist Islam, 1840 - 1940 |b a sourcebook |c ed. by Charles Kurzman |
| 264 | 1 | |a Oxford [u.a.] |b Oxford University Press |c 2002 | |
| 300 | |a XI, 389 S. |b Ill. |c 26 cm | ||
| 336 | |a Text |b txt |2 rdacontent | ||
| 337 | |a ohne Hilfsmittel zu benutzen |b n |2 rdamedia | ||
| 338 | |a Band |b nc |2 rdacarrier | ||
| 500 | |a Includes bibliographical references and indexes | ||
| 500 | |a Hier auch später erschienene, unveränderte Nachdrucke | ||
| 583 | 1 | |a Archivierung/Langzeitarchivierung gewährleistet |f SSG |x XA-DE-BW |2 pdager |5 DE-21 | |
| 583 | 1 | |a Archivierung prüfen |c 20240324 |f DE-4165 |z 2 |2 pdager | |
| 650 | 0 | |a Islamic renewal |x History |y 19th century | |
| 650 | 0 | |a Islamic renewal |x History |y 20th century | |
| 650 | 4 | |a Islam | |
| 650 | 4 | |a Modernisierung | |
| 650 | 4 | |a Geschichte 1840-1940 | |
| 651 | 0 | |a Islamic countries |x Intellectual life |y 19th century | |
| 651 | 0 | |a Islamic countries |x Intellectual life |y 20th century | |
| 655 | 7 | |a Anthologie |0 (DE-588)4002214-6 |0 (DE-627)106394134 |0 (DE-576)208846182 |2 gnd-content | |
| 655 | 7 | |a Quelle |0 (DE-588)4135952-5 |0 (DE-627)105661236 |0 (DE-576)209665084 |2 gnd-content | |
| 689 | 0 | 0 | |d s |0 (DE-588)4002214-6 |0 (DE-627)106394134 |0 (DE-576)208846182 |2 gnd |a Anthologie |
| 689 | 0 | 1 | |d s |0 (DE-588)4027743-4 |0 (DE-627)106283499 |0 (DE-576)20897220X |2 gnd |a Islam |
| 689 | 0 | 2 | |d s |0 (DE-588)4135952-5 |0 (DE-627)105661236 |0 (DE-576)209665084 |2 gnd |a Quelle |
| 689 | 0 | 3 | |q z |2 gnd |a Geschichte 1840-1940 |
| 689 | 0 | |5 DE-101 | |
| 689 | 1 | 0 | |d s |0 (DE-588)4133275-1 |0 (DE-627)105681369 |0 (DE-576)209642548 |2 gnd |a Modernismus |
| 689 | 1 | |5 DE-101 | |
| 689 | 2 | 0 | |d s |0 (DE-588)4120755-5 |0 (DE-627)10577426X |0 (DE-576)20953768X |2 gnd |a Modernisierung |
| 689 | 2 | 1 | |d s |0 (DE-588)4039827-4 |0 (DE-627)104658711 |0 (DE-576)209036745 |2 gnd |a Moderne |
| 689 | 2 | 2 | |d s |0 (DE-588)4651655-4 |0 (DE-627)334254361 |0 (DE-576)214672123 |2 gnd |a Reformer |
| 689 | 2 | 3 | |q z |2 gnd |a Geschichte 1840-1940 |
| 689 | 2 | |5 (DE-627) | |
| 700 | 1 | |e HerausgeberIn |0 (DE-588)1153751658 |0 (DE-627)1015260179 |0 (DE-576)178891576 |4 edt |a Kurzman, Charles |d 1963- | |
| 856 | 4 | 2 | |u http://www.loc.gov/catdir/enhancements/fy0612/2002022046-d.html |x Verlag |y Publisher description |7 1 |
| 856 | 4 | 2 | |u http://www.loc.gov/catdir/enhancements/fy0723/2002022046-b.html |x Verlag |y Contributor biographical information |7 1 |
| 935 | |a mteo | ||
| 935 | |i Blocktest | ||
| 936 | r | v | |a BE 8610 |b Quellen und Kommentare, Konkordanzen |k Theologie und Religionswissenschaften |k Religionswissenschaft |k Religionsgeschichte |k Islam |k Quellen |k Quellen und Kommentare, Konkordanzen |0 (DE-627)1270702718 |0 (DE-625)rvk/10776: |0 (DE-576)200702718 |
| 936 | r | v | |a BE 8621 |b Islam und Moderne |k Theologie und Religionswissenschaften |k Religionswissenschaft |k Religionsgeschichte |k Islam |k Einzelprobleme zum Islam |k Islam und Moderne |0 (DE-627)1401363776 |0 (DE-625)rvk/10787: |0 (DE-576)331363771 |
| 936 | r | v | |a BE 8624 |b Reformbewegungen des 19., 20. und 21.Jahrhunderts |k Theologie und Religionswissenschaften |k Religionswissenschaft |k Religionsgeschichte |k Islam |k Einzelprobleme zum Islam |k Reformbewegungen des 19., 20. und 21.Jahrhunderts |0 (DE-627)1402969171 |0 (DE-625)rvk/10790: |0 (DE-576)332969177 |
| 936 | b | k | |a 11.84 |j Islam: Sonstiges |0 (DE-627)106404075 |
| 936 | b | k | |a 15.21 |j Geschichte großer Gebietsräume |0 (DE-627)106404644 |
| 936 | b | k | |a 15.76 |j Vorderer und mittlerer Orient |x Geschichte |0 (DE-627)181571064 |
| 951 | |a BO | ||
| ELC | |b 1 | ||
| ITA | |a 1 |t 1 | ||
| LOK | |0 000 xxxxxcx a22 zn 4500 | ||
| LOK | |0 001 3074291087 | ||
| LOK | |0 003 DE-627 | ||
| LOK | |0 004 346512980 | ||
| LOK | |0 005 20130326171727 | ||
| LOK | |0 008 031124||||||||||||||||ger||||||| | ||
| LOK | |0 040 |a DE-21 |c DE-627 |d DE-21 | ||
| LOK | |0 852 |a DE-21 | ||
| LOK | |0 852 1 |c 43 A 9258 |9 00 | ||
| LOK | |0 935 |a theo |a vord |a theo | ||
| LOK | |0 936ln |a t13 | ||
| LOK | |0 938 |l 15 |8 2 | ||
| LOK | |0 939 |a 24-11-03 |b l01 | ||
| ORI | |a SA-MARC-ixtheoa001.raw | ||
| REF | |a Reformationsgeschichte | ||
| REL | |a 1 | ||
| STA | 0 | 0 | |a Anthology,Islam,Islam,Modernism,Catholic Church,Modernization,Modernization,Building restoration,Building redevelopment,Reformer,Spring,Spring,Source,Sources,The Modern,The Modern,Modern age,Modernity |
| STB | 0 | 0 | |a Anthologie,Islam,Islam,Modernisation,Modernisation,Modernisme,Modernité,Modernité,Époque moderne,Époque moderne,Époque moderne (motif),Époque moderne,Réformiste,Source,Source,Source,Sources |
| STC | 0 | 0 | |a Antología,Fuente,Fuente,Fuente,Islam,Islam,Modernidad,Modernidad,Modernismo,Modernización,Modernización,Reformista |
| STD | 0 | 0 | |a Antologia,Islam,Islam,Modernismo,Modernità <motivo>,Modernità,Moderno,Moderno,Moderno (motivo),Moderno,Riformista,Rimodernamento,Modernizzazione,Sorgente,Sorgente,Fonte |
| STE | 0 | 0 | |a 伊斯兰教,伊斯兰教,回教,回教,泉,泉,来源,出处,泉源,泉源,现代主义,现代派,现代性,翻新,现代化,选集 |
| STF | 0 | 0 | |a 伊斯蘭教,伊斯蘭教,回教,回教,泉,泉,來源,出處,泉源,泉源,現代主義,現代派,現代性,翻新,現代化,選集 |
| STG | 0 | 0 | |a Antologia,Fonte,Fonte,Fonte,Islã,Islã,Modernidade,Modernidade,Modernismo,Modernização,Modernização,Reformista |
| STH | 0 | 0 | |a Антология,Ислам (мотив),Ислам,Источник (гидрология, мотив),Источник (гидрология),Источник,Модернизация (строительство),Модернизация,Модернизм,Реформист,Эпоха Модерна (мотив),Эпоха Модерна |
| STI | 0 | 0 | |a Ανθολογία,Εκσυγχρονισμός (οικοδομικός τομέας),Εκσυγχρονισμός,Ισλάμ (μοτίβο),Ισλάμ,Μεταρρυθμιστής,Μοντερνισμός (θεολογία),Πηγή (υδρολογία, μοτίβο),Πηγή (υδρολογία),Πηγή,Το Μοντέρνο (μοτίβο),Το Μοντέρνο |
| SUB | |a REL | ||
| SYE | 0 | 0 | |a Islam , Bausanierung,Sanierung |
| SYG | 0 | 0 | |a Texte,Chrestomathie,Sammlung,Lesebuch,Chrestomatie,Exempelsammlung,Erzählsammlung,Essay,Florilegium,Liedersammlung , Islam , Quellen,Akten,Augenzeugenbericht,Texte,Historische Quelle,Geschichtsquelle,Quellensammlung,Quellen , Bausanierung,Sanierung , Avantgarde |
| TIM | |a 100018400101_100019401231 |b Geschichte 1840-1940 | ||